[Event "Luxembourg-chT 9900"]
[Site "Luxembourg"]
[Date "1999.11.07"]
[Round "2"]
[White "Hengen, Patrick"]
[Black "Buchholtz, Leon"]
[Result "0-1"]
[WhiteElo "1862"]
[BlackElo "1847"]
[PlyCount "58"]
[EventDate "1999.10.24"]
[EventType "team"]
[EventRounds "10"]
[EventCountry "LUX"]
[SourceTitle "EXT 2005"]
[Source "ChessBase"]
[SourceDate "2004.11.15"]
[SourceVersion "1"]
[SourceVersionDate "2004.11.15"]
[SourceQuality "1"]

1. d4 Nf6 2. Nf3 g6 3. c4 Bg7 4. Nc3 0-0 5. Bf4 d6 6. e4 Nbd7 7. Qd2 Re8 8. Bh6 e5 9. dxe5 Nxe5 10. Bg5 Nc6 11. 0-0-0 Be6 12. Bd3 a5 13. Rhe1 Nb4 14. a3 Na6 15. Nd5 Nc5 16. Kc2 b5 17. cxb5 a4 18. Nd4 Nb3 19. Nxb3 axb3+ 20. Kb1 h6 21. Bxf6 Bxf6 22. Qxh6 Bg7 23. Qf4 Ra4 24. Nb4 Qa8 25. Qd2 Rxa3 26. Na6 Ra2 27. e5 Bxe5 28. Rxe5 dxe5 29. Be4 Qxe4+ 0-1

[Event "Luxembourg-chT 9899 qual"]
[Site "Luxembourg"]
[Date "1999.01.24"]
[Round "7"]
[White "Baskewitsch, Pierre"]
[Black "Hengen, Patrick"]
[Result "0-1"]
[WhiteElo "1965"]
[BlackElo "1875"]
[PlyCount "66"]
[EventDate "1998.01.10"]
[EventType "team"]
[EventRounds "10"]
[EventCountry "LUX"]
[SourceTitle "EXT 2005"]
[Source "ChessBase"]
[SourceDate "2004.11.15"]
[SourceVersion "1"]
[SourceVersionDate "2004.11.15"]
[SourceQuality "1"]

1. d4 Nf6 2. Bf4 g6 3. e3 Bg7 4. c4 d6 5. Nc3 0-0 6. Nf3 c6 7. Be2 Re8 8. 0-0 b6 9. Rc1 Bb7 10. b4 Nbd7 11. Qb3 h6 12. d5 Nh5 13. Bg3 Nxg3 14. hxg3 Nf6 15. Rfd1 Rc8 16. dxc6 Bxc6 17. c5 bxc5 18. bxc5 Bxf3 19. Bxf3 Rxc5 20. Na4 Rxc1 21. Rxc1 Qa5 22. Bc6 Rc8 23. Qb7 Qc7 24. Qa6 Nd7 25. Bxd7 Qxc1+ 26. Kh2 Rc7 27. Qb5 Qc2 28. Qb8+ Kh7 29. Qe8 Qxf2 30. Qd8 Be5 31. Bb5 Qxg3+ 32. Kg1 Qe1+ 33. Bf1 Rc1 0-1

[Event "Luxembourg-chT 9798"]
[Site "Luxembourg"]
[Date "1998.01.25"]
[Round "6"]
[White "Karp, Michel"]
[Black "Hengen, Patrick"]
[Result "1/2-1/2"]
[WhiteElo "1995"]
[BlackElo "1840"]
[PlyCount "81"]
[EventDate "1997.10.??"]
[EventType "team"]
[EventRounds "10"]
[EventCountry "LUX"]
[SourceTitle "EXT 2005"]
[Source "ChessBase"]
[SourceDate "2004.11.15"]
[SourceVersion "1"]
[SourceVersionDate "2004.11.15"]
[SourceQuality "1"]

1. d4 Nf6 2. Nf3 g6 3. g3 Bg7 4. Bg2 c6 5. c4 d5 6. Nbd2 0-0 7. 0-0 Re8 8. b3 c5 9. Bb2 cxd4 10. Nxd4 e5 11. Nb5 d4 12. Ba3 Re6 13. Bc5 a6 14. Na7 Nbd7 15. Nxc8 Nxc5 16. b4 Ncd7 17. Bxb7 Rxc8 18. Bxc8 Qxc8 19. Qb3 Qb7 20. Rab1 Rb6 21. Qa4 Bf8 22. a3 Qc8 23. c5 Rc6 24. Qb3 Bh6 25. Nc4 Ne4 26. Rb2 Rf6 27. f3 Nexc5 28. bxc5 Qxc5 29. Kg2 Rc6 30. Rc2 Qd5 31. Qa2 Nb6 32. Nxb6 Qxa2 33. Rxa2 Rxb6 34. Rc2 Rb3 35. Rc8+ Kg7 36. Ra1 Rb2 37. Kf1 Bd2 38. Rc6 a5 39. a4 Bc3 40. Rc5 Kf6 41. Ra3 1/2-1/2

[Event "Luxembourg-chT 9798"]
[Site "Luxembourg"]
[Date "1997.11.16"]
[Round "2"]
[White "Wealer, Claude"]
[Black "Hengen, Patrick"]
[Result "1/2-1/2"]
[WhiteElo "1725"]
[BlackElo "1840"]
[PlyCount "68"]
[EventDate "1997.10.??"]
[EventType "team"]
[EventRounds "10"]
[EventCountry "LUX"]
[SourceTitle "EXT 2005"]
[Source "ChessBase"]
[SourceDate "2004.11.15"]
[SourceVersion "1"]
[SourceVersionDate "2004.11.15"]
[SourceQuality "1"]

1. e4 c5 2. Nf3 Nc6 3. d4 cxd4 4. Nxd4 g6 5. Nc3 Bg7 6. Be3 Nf6 7. f3 0-0 8. Qd2 d5 9. Nxc6 bxc6 10. 0-0-0 e6 11. exd5 Nxd5 12. Nxd5 cxd5 13. Bd4 f6 14. h4 Bb7 15. h5 Qc7 16. hxg6 hxg6 17. Bd3 Kf7 18. Rh7 Qg3 19. Rdh1 Rh8 20. R7h3 Rxh3 21. Rxh3 Qd6 22. Qf2 a5 23. Bc5 Qe5 24. Qe3 Qxe3+ 25. Bxe3 f5 26. Bh6 Rh8 27. Bxg7 Rxh3 28. gxh3 Kxg7 29. f4 Kh6 30. Kd2 Kh5 31. Bb5 Bc8 32. Be8 Kh4 33. Bxg6 Kxh3 34. Ke3 Kg4 1/2-1/2